|
|
|
|
| LEADER |
00000nam a22000007a 4500 |
| 003 |
Ucuenca |
| 005 |
20230308230244.0 |
| 008 |
181108b xxu||||| |||| 00| 0 spa d |
| 040 |
|
|
|b spa
|
| 041 |
1 |
|
|a es
|
| 041 |
1 |
|
|a ru
|
| 082 |
0 |
|
|a 443
|
| 100 |
1 |
|
|a B. C. Coctab.
|9 230546
|
| 245 |
|
|
|a Refranes y proverbios rusos y españoles
|c B. C.
|h imp
|
| 264 |
|
|
|a s. l.
|b Mockba
|c s. f.
|
| 300 |
|
|
|a 105 páginas:
|c 20 cm
|
| 504 |
|
|
|a incl. ref.
|
| 650 |
|
0 |
|9 230543
|a Refranes rusos
|
| 650 |
|
0 |
|9 230544
|a Refranes españoles
|
| 650 |
|
0 |
|9 230545
|a Proverbios rusos
|
| 650 |
|
0 |
|9 13817
|a Proverbios españoles
|
| 942 |
|
|
|2 ddc
|c BK
|z bladimir.cabrerar@ucuenca.edu.ec
|
| 999 |
|
|
|c 155878
|d 155878
|